| 000 | 00371cam a2200145ua 4500 | ||
|---|---|---|---|
| 041 |
_amal _h |
||
| 082 |
_a894.812308 _bGOP/CH |
||
| 100 | _aGopala Pillai, P . | ||
| 245 |
_aChetile chentamara / _cP. Gopala Pillai. _hTextual Documents |
||
| 260 |
_aEranakulam : _bParishath book stall , _c1969. |
||
| 300 | _a242 ; . | ||
| 504 | _a | ||
| 942 | _cBK | ||
| 999 |
_c4940 _d4940 |
||